000 00291nam a2200121 a 4500
008 100923s2008|||| d
100 1 _aVasilková- Keleová, Taňa
245 1 0 _aRozbité šťastie
260 _bIkar
_aBratislava
_c2008
020 _c269.-
041 _aslo
044 _axo
_cSK
999 _c10663
_d10663